Á lódáil...
Fundamnetals of ecotoxicology: Science of pollution
| Príomhúdar: | |
|---|---|
| Formáid: | Printed Book |
| Foilsithe: |
London
CRC press
2015
|
| LEADER | 00387nam a22001097a 4500 | ||
|---|---|---|---|
| 082 | |a 571.95 |b NEW.F | ||
| 100 | |a Newman, Michael C | ||
| 245 | |a Fundamnetals of ecotoxicology: Science of pollution | ||
| 260 | |a London |b CRC press |c 2015 | ||
| 942 | |c BK | ||
| 999 | |c 20795 |d 20795 | ||
| 952 | |0 0 |1 0 |4 0 |6 571_950000000000000_NEW_F |7 0 |9 23344 |a CAMPUS |b CAMPUS |d 2017-10-11 |l 0 |o 571.95 NEW.F |p 23721 |r 2017-10-11 |w 2017-10-11 |y BK | ||